Analýza príčin nekvality špecializovanej služby

Gespeichert in:
Bibliographische Detailangaben
1. Verfasser: Marková, Monika (Verfasst von)
Weitere Verfasser: Poliaková, Adela (Betreuung Doktorarbeit)
Format: Manuskript Buch
Sprache:Slowakisch
Veröffentlicht: 2015
Schlagworte:
Online-Zugang:http://is.stuba.sk/zp/portal_zp.pl?podrobnosti=120988
Tags: Tag hinzufügen
Keine Tags, Fügen Sie das erste Tag hinzu!

MARC

LEADER 00000ntm a22000003a 4500
001 stuzp52195
003 SK-STU
005 20160719154107.9
007 ta
008 150427s2015----xo-----f-mn---000-0-slo-d
040 |a STU  |b slo 
041 0 |a slo 
100 1 |a Marková, Monika  |u 065000  |4 aut  |U MTF Materiálovotechnologická fakulta  |T MTF Ústav bezpečnosti, environmentu a kvality  |X 46822  |U M5000  |Y 85  |7 46822 
242 0 1 |a The specialized service poor quality analysis  |y eng 
245 1 0 |a Analýza príčin nekvality špecializovanej služby 
260 |c 2015 
650 4 |a kvalita  |2 slo 
650 4 |a služba  |2 slo 
650 4 |a nákladný vozeň  |2 slo 
650 4 |a chyba  |2 slo 
650 4 |a nástroje manažérstva kvality  |2 slo 
650 4 |a quality  |2 eng 
650 4 |a service  |2 eng 
650 4 |a freight wagon  |2 eng 
650 4 |a quality management tools  |2 eng 
650 4 |a failure  |2 eng 
700 1 |a Poliaková, Adela  |4 ths  |X 46349  |7 A000046349 
856 4 |u http://is.stuba.sk/zp/portal_zp.pl?podrobnosti=120988 
996 |c M* BP-7148  |l MMSKP  |s P  |a 0  |w stuzp52195_0001 
SQL |a stuzp52195  |b DBP  |c SLO  |d Analýza príčin nekvality špecializovanej služby  |e 46822  |f Marková, Monika  |g 065000  |h 46349  |i Poliaková, Adela  |j 20150629  |k 171  |l 06  |m http://is.stuba.sk/zp/portal_zp.pl?podrobnosti=120988  |n B-KPR  |o 5.2.57. kvalita produkcie